Elements Of Properties Of Matter (Record no. 295915)

MARC details
000 -LEADER
fixed length control field 00390nam a2200157Ia 4500
008 - FIXED-LENGTH DATA ELEMENTS--GENERAL INFORMATION
fixed length control field 230718s9999 xx 000 0 und d
041 ## - LANGUAGE CODE
Language code of text/sound track or separate title eng
082 ## - DEWEY DECIMAL CLASSIFICATION NUMBER
Item number MAT
100 ## - MAIN ENTRY--PERSONAL NAME
Personal name Mathur D.S.
245 ## - TITLE STATEMENT
Title Elements Of Properties Of Matter
260 ## - PUBLICATION, DISTRIBUTION, ETC. (IMPRINT)
Date of publication, distribution, etc. 1996
Name of publisher, distributor, etc. Saunder College
300 ## - PHYSICAL DESCRIPTION
Extent 580
365 ## - TRADE PRICE
Currency code Rs.
Price amount 105.00
700 ## - ADDED ENTRY--PERSONAL NAME
Personal name Mathur D.S.
906 ## - LOCAL DATA ELEMENT F, LDF (RLIN)
d B:177810-Feb-1997
c ARCHIT
b 15.75
Holdings
Withdrawn status Lost status Damaged status Not for loan Home library Current library Date acquired Vendor Budget Code Cost, normal purchase price Bill number Total Checkouts Barcode Date last seen Discount Cost, replacement price Bill Date Koha item type Original Barcode
        Cummins College of Engineering for Women Pune Cummins College of Engineering for Women Pune 14/02/1997 Pradeep Book Distributors ARCHIT 89.25 1778   CCEP-BK-7121 18/07/2023 15.75 105.00 10/02/1997 Books 007121